| 000 | 00000nam##2200000za#4500 |
| 001 | 9.698108 |
| 003 | CaOODSP |
| 005 | 20210927150510 |
| 007 | cr ||||||||||| |
| 008 | 150407|2000||||xxc|||||o f|0| 0 eng|d |
| 040 | |aCaOODSP|beng |
| 043 | |an-cn--- |
| 086 | 1 |aR72-289/2000-1E-PDF |
| 110 | 1 |aCanada. |bIndian and Northern Affairs Canada. |
| 245 | 10|a[Nisga'a final agreement] : |h[electronic resource]|b[appendices] |
| 260 | |aOttawa - Ontario : |bIndian and Northern Affairs |c[2000]. |
| 300 | |a55, 16, 220, 61, 3, 8, 13, 14, 6, 5, 3, 14, 36p.|bmaps (some coloured), tables |
| 500 | |aContents: Appendix A - Nisga'a Lands; Appendix B - Exceptions To Nisga'a Lands; Appendix C - Interests of Nisga'a Lands; Appendix D - Nisga'a Fee Simple Lands Outside Nisga'a Lands; Appendix E - Map of Nisga'a Commercial Recreation Tenure; Appendix F - Heritage Sites and Key Geographic Features; Appendix G - Parks and Ecological Reserve; Appendix H - Transitional Provisions For Forest Resources; Appendix I - Maps of Nass Area and Areas For Bivalve Harvesting; Appendix J - Nass Wildlife Area; Appendix K - Map of Guide Outfitter Area; Appendix L - Cultural Artifacts and Heritage; Appendix M - Dispute Resolution. |
| 590 | |a13-16-Supp|b2013-07-12 |
| 690 | 07|aIndigenous lands|2gcpds |
| 690 | 07|aAgreements|2gcpds |
| 775 | 08|t[Accord définitif Nisga'a] : |w(CaOODSP)9.642104 |
| 856 | 40|ahttp://publications.gc.ca|qPDF|s1.49 MB|uhttps://publications.gc.ca/collections/Collection/R72-289-2000-1E-9.pdf |
| 856 | 40|ahttp://publications.gc.ca|qPDF|s847 KB|uhttps://publications.gc.ca/collections/Collection/R72-289-2000-1E-8.pdf |
| 856 | 40|ahttp://publications.gc.ca|qPDF|s3.07 MB|uhttps://publications.gc.ca/collections/Collection/R72-289-2000-1E-4.pdf |
| 856 | 40|ahttp://publications.gc.ca|qPDF|s1.87 MB|uhttps://publications.gc.ca/collections/Collection/R72-289-2000-1E-7.pdf |
| 856 | 40|ahttp://publications.gc.ca|qPDF|s12.65 MB|uhttps://publications.gc.ca/collections/Collection/R72-289-2000-1E-3.pdf |
| 856 | 40|ahttp://publications.gc.ca|qPDF|s651 KB|uhttps://publications.gc.ca/collections/Collection/R72-289-2000-1E-2.pdf |
| 856 | 40|ahttp://publications.gc.ca|qPDF|s12.96 MB|uhttps://publications.gc.ca/collections/Collection/R72-289-2000-1E-1.pdf |
| 856 | 40|ahttp://publications.gc.ca|qPDF|s1.91 MB|uhttps://publications.gc.ca/collections/Collection/R72-289-2000-1E-10.pdf |
| 856 | 40|ahttp://publications.gc.ca|qPDF|s317 KB|uhttps://publications.gc.ca/collections/Collection/R72-289-2000-1E-5.pdf |
| 856 | 40|ahttp://publications.gc.ca|qPDF|s2.20 MB|uhttps://publications.gc.ca/collections/Collection/R72-289-2000-1E-13.pdf |
| 856 | 40|ahttp://publications.gc.ca|qPDF|s1.64 MB|uhttps://publications.gc.ca/collections/Collection/R72-289-2000-1E-11.pdf |
| 856 | 40|ahttp://publications.gc.ca|qPDF|s580 KB|uhttps://publications.gc.ca/collections/Collection/R72-289-2000-1E-12.pdf |
| 856 | 40|ahttp://publications.gc.ca|qPDF|s245 KB|uhttps://publications.gc.ca/collections/Collection/R72-289-2000-1E-6.pdf |